Towns of Gozo - Statistics

General Stats
  • This quiz has been taken 60 times
    22 since last reset
  • The average score is 12 of 14
Answer Stats
Answer % Correct
Victoria
94%
Għajnsielem
88%
Nadur
88%
Qala
88%
Fontana
82%
Għarb
82%
Għasri
82%
San Lawrenz
82%
Ta' Sannat
82%
Xagħra
82%
Xewkija
82%
Munxar
76%
Żebbuġ
76%
Ta' Kerċem
71%
No matching quizzes found
Score Distribution
Percent of People with Each Score
Percentile by Number Answered
Your Score History
You have not taken this quiz since the last reset